Environment, Scarcity and violence. (Record no. 6264)

MARC details
000 -LEADER
fixed length control field 00619cam a22002052 4500
001 - CONTROL NUMBER
control field 0000003173
005 - DATE AND TIME OF LATEST TRANSACTION
control field 20151217151917.0
008 - FIXED-LENGTH DATA ELEMENTS--GENERAL INFORMATION
fixed length control field 070430s xx 000 0 eng d
020 ## - INTERNATIONAL STANDARD BOOK NUMBER
International Standard Book Number 069089795 :
040 ## - CATALOGING SOURCE
Original cataloging agency KABU
Transcribing agency KABU
050 #0 - LIBRARY OF CONGRESS CALL NUMBER
Classification number HN981
Item number .V5H66
100 1# - MAIN ENTRY--PERSONAL NAME
Personal name Homer-Dixon, Thomas F.
-- 0000152872
245 10 - TITLE STATEMENT
Title Environment, Scarcity and violence.
260 ## - PUBLICATION, DISTRIBUTION, ETC. (IMPRINT)
Place of publication, distribution, etc. Oxford :
Name of publisher, distributor, etc. Princeton Univesity Press,
Date of publication, distribution, etc. 1999.
300 ## - PHYSICAL DESCRIPTION
Extent xvii, 253 p.
650 #0 - SUBJECT ADDED ENTRY--TOPICAL TERM
Topical term or geographic name as entry element Violence
General subdivision Environmental aspects
Geographic subdivision Developing countries.
-- 0000152873
908 ## - PUT COMMAND PARAMETER (RLIN)
Put command parameter 070430
950 ## - LOCAL HOLDINGS (RLIN)
-- 1
Holdings
Withdrawn status Lost status Source of classification or shelving scheme Not for loan Home library Current library Date acquired Total Checkouts Full call number Barcode Date last seen Price effective from Koha item type
    Library of Congress Classification   Kabarak, Main Campus Kabarak, Main Campus 17/12/2015   HN981 .V5H66 007718 17/12/2015 17/12/2015 General Collection
Designed with assistance from East African Informatics Ltd